000 00404nam a22001457a 4500
005 20170909113229.0
008 170909b xxu||||| |||| 00| 0 eng d
020 _a978-81-265-1090-0
041 _aeng
100 _aRiobbins
_93910
245 _aPower Electronics Coneveners,Application,and Desgin
_h[electronic resource]
260 _bWiley
300 _a1 CD-ROM
_eReceived along with book.
942 _cCD
999 _c5550
_d5548